|
|
|
|
| LEADER |
01116pam a22002538a 4500 |
| 001 |
00044527 |
| 005 |
20190808100820.0 |
| 008 |
110407s1996 ||||||Viesd |
| 020 |
# |
# |
|c 18500
|
| 041 |
0 |
# |
|a Vie
|
| 082 |
1 |
4 |
|a 338.507 6
|b B103T
|
| 100 |
1 |
# |
|e Chủ biên
|a Phạm, Văn Minh
|
| 245 |
0 |
0 |
|b Theo giáo trình Kinh tế học vi mô, dùng trong các trường Đại học, Cao đẳng khối Kinh tế
|a Bài tập kinh tế vi mô chọn lọc
|c Phạm Văn Minh (ch.b); Hồ Đình Bảo, Đàm Thái Sơn
|
| 260 |
# |
# |
|a Hà Nội
|b Giáo dục
|c 2007
|
| 300 |
# |
# |
|a 155 tr.
|c 24 cm
|
| 653 |
# |
# |
|a Bài tập
|
| 653 |
# |
# |
|a Thị trường
|
| 653 |
# |
# |
|a Lý thuyết
|
| 653 |
# |
# |
|a Kinh tế vi mô
|
| 700 |
0 |
# |
|a Đàm, Thái Sơn
|
| 700 |
0 |
# |
|a Hồ, Đình Bảo
|
| 852 |
# |
# |
|j KD.0025300
|j KM.0031389
|j KM.0031390
|j KM.0031391
|j KM.0031392
|j KM.0031393
|j KM.0031394
|j KM.0031395
|j KM.0031396
|j KM.0031397
|j KM.0031398
|j KM.0031399
|j KM.0031400
|j KM.0031401
|
| 910 |
# |
# |
|d 08/08/2019
|
| 980 |
# |
# |
|a Trung tâm Học liệu Lê Vũ Hùng, Trường Đại học Đồng Tháp
|